Japanese History - Statistics

General Stats
  • This quiz has been taken 385 times
  • The average score is 5 of 15
Answer Stats
Hint Answer % Correct
First Tokugawa Shogun Ieyasu
83%
City Formally Known as Heian Kyoto
69%
Also Known as the Warring States Period Sengoku Period
53%
Author of the Tale of Genji Murasaki Shikibu
37%
Noble Family, Held Majority of political power during Heian Period Fujiwara
32%
Also Known as the Battle For the Sundered Realm Battle Of Sekigahara
29%
Bakufu Founded by Takauji Ashikaga Bakufu
27%
Last Battle of Genpei War Dan-no-ura
26%
Yoritomo's Half Brother Yoshitsune
26%
Year that Yoritomo became Shogun 1192
24%
Leader of Taira, died in 1181 Taira Kiyomori
24%
First Warrior Government Kamakura Bakufu
19%
War lasting from 1467-1477 Onin War
18%
Court Noble Family overthrown in 645 Soga Family
16%
Book that chrinicles the Genpei War Tales of the Heike
3%
No matching quizzes found
Score Distribution
Percent of People with Each Score
Percentile by Number Answered
Your Score History
You have not taken this quiz